00314pab a2200121 454500008004000000100002000040245007400060260000900134300001200143362001100155650001400166773001200180180718b1983 xxu||||| |||| 00| 0 eng d aFetscher, Iring aSome problems of democracybCan it remain vital in advanced countries c1983 a199-208 aSpring aDemocracy aDissent